Carta de batalla por Tirant lo Blanc / (Registro nro. 10747)

Detalles MARC
000 -LIDER
fixed length control field 01156cam a2200361 c 4500
001 - NÚMERO DE CONTROL
Identificador de número de control a5087
003 - IDENTIFICACDOR DE NÚMERO DE CONTROL
control field DO-SdBNP
005 - DATE AND TIME OF LATEST TRANSACTION
control field 20171121094505.0
007 - CAMPOS FIJOS DE DESCRIPCIÓN FÍSICA
fixed length control field a5087
008 - ELEMENTOS DE LONGITUD FIJA
fixed length control field 110721s2011 sp g |||| 000 f spa
020 ## - ISBN
International Standard Book Number 9788466324779
035 ## - NÚMERO LOCAL
System control number
040 ## - FUENTE DE CATALOGACIÓN
Agencia que crea de manera original el registro BPMSU
Idioma de catalogación spa
Agencia que realiza la transcripción BPMSU
Convenciones de la despripción
080 ## - NÚMERO DE CLASIFICACIÓN DECIMAL UNIVERSAL
Universal Decimal Classification number
082 #4 - NÚMERO DE CLASIFICACIÓN DECIMAL DE DEWEY
Classification number Pe864.44
Item number V297c
100 1# - ASIENTO PRINCIPAL -- NOMBRE PERSONAL
Nombre personal Vargas Llosa, Mario,
Fechas asociadas con el nombre 1936-
Término de relación
245 10 - MENCIÓN DE TITULO
Título Carta de batalla por Tirant lo Blanc /
Medio (Designación general de material)
Mención de responsabilidad Mario Vargas Llosa.
250 ## - MENCIÓN DE EDICION
Mención de edición
260 ## - PUBLICACIÓN, DISTRIBUCIÓN, ETC. (PIE DE IMPRENTA)
Lugar de publicación, distribución, etc Madrid :
Nombre del editor, distribuidor, etc. Santillana,
Fecha de publicación, distribución, etc 2011.
300 ## - DESCRIPCIÓN FÍSICA
Extensión 109 p. ;
Dimensiones 19 cm.
490 1# - MENCIÓN DE SERIES
Mención de serie Punto de lectura. Ensayo
Volume/sequential designation 4/23
500 ## - NOTA GENERAL
Nota general Incluye datos biográficos del autor
586 ## - AWARDS NOTE
Awards note Premio Nobel de Literatura 2010
600 17 - ENCABEZAMIENTO DE MATERIA--NOMBRE PERSONAL
Nombre personal MARTORELL, JOANOT,
Fechas asociadas con el nombre 1414-1468
Título de una obra TIRANT LO BLANC
Fuente del encabezado o término
Subdivisión temática general CRÍTICA E INTERPRETACIÓN
650 ## - ENCABEZAMIENTO DE MATERIA--TEMÁTICO
Término temático o nombre geográfico como elemento de entrada ENSAYOS PERUANOS
650 ## - ENCABEZAMIENTO DE MATERIA--TEMÁTICO
Término temático o nombre geográfico como elemento de entrada LITERATURA PERUANA
650 ## - ENCABEZAMIENTO DE MATERIA--TEMÁTICO
Término temático o nombre geográfico como elemento de entrada NOVELA ESPAÑOLA
Término temático seguido del nombre geográfico como elemento de entrada HISTORIA Y CRÍTICA
650 ## - ENCABEZAMIENTO DE MATERIA--TEMÁTICO
Término temático o nombre geográfico como elemento de entrada LITERATURA ESPAÑOLA
Término temático seguido del nombre geográfico como elemento de entrada HISTORIA Y CRÍTICA
830 ## - ASIENTO SECUNDARIO DE SERIE--TÍTULO UNIFORME
Título uniforme Punto de lectura. Ensayo
Volume number/sequential designation 4/23
942 ## - ADDED ENTRY ELEMENTS (KOHA)
Source of classification or shelving scheme Dewey Decimal Classification
Koha item type Libros
945 ## - INFORMACIÓN DE PROCESAMIENTO LOCAL
Información de procesamiento local Inventariado extranjero / 2017 VM
956 ## - LOCAL ELECTRONIC LOCATION AND ACCESS (OCLC)
Nombre de host VMATEO
Número de acceso 10
Información de compresión 20160706
Trayectoria BPMSU
Nombre Electrónico 0069
Existencias
Withdrawn status Lost status Source of classification or shelving scheme Damaged status Not for loan Collection code Home library Current library Date acquired Source of acquisition Total Checkouts Full call number Barcode Date last seen Price effective from Koha item type Copy number Coded location qualifier
    Dewey Decimal Classification     Colección General Biblioteca Pública Metropolitana Salomé Ureña Biblioteca Pública Metropolitana Salomé Ureña 07/07/2016 ALFAGUARA   Pe864.44 V297c BPMSU16070193 07/07/2016 07/07/2016 Libros    
    Dewey Decimal Classification     Colección General Biblioteca Pública Metropolitana Salomé Ureña Biblioteca Pública Metropolitana Salomé Ureña 07/07/2016 ALFAGUARA   Pe864.44 V297c BPMSU16070194 07/07/2016 07/07/2016 Libros e. 2  
    Dewey Decimal Classification     Colección General Biblioteca Pública Metropolitana Salomé Ureña Biblioteca Pública Metropolitana Salomé Ureña 02/08/2017 ALFAGUARA   Pe864.44 V297c BPMSU17020008 02/08/2017 02/08/2017 Libros e. 3